O hospital de alfaces (Record no. 2053)

MARC details
000 -Etiqueta do registo
Valores 00628nam a2200241 4500
010 ## - Número ISBN
ISBN 9789895814220
021 ## - Número do Depósito Legal
Código do país Portugal
Número 541516/24
100 ## - Dados gerais de processamento
Dados gerais 20260212d2025 em|y0pory50030103ba
101 ## - Língua de publicação
Língua Português
102 ## - País de publicação
País Portugal
200 ## - Titulo e menção de responsabilidade
Título próprio O hospital de alfaces
Primeira menção de responsabilidade Pedro Chagas Freitas
205 ## - Menção da edição
Edição 1ª edição
210 ## - Publicação
Local de publicação Alfragide
Nome do editor Oficina do Livro
Data de publicação 2025
215 ## - Descrição física 
Paginação / Volumes 236 p.
Dimensões 24 cm
300 ## - Notas gerais 
Texto da nota BMB-Registado
606 ## - Nome comum usado como assunto
ID Autoridade 776
Palavra de ordem Literatura Portuguesa
606 ## - Nome comum usado como assunto
ID Autoridade 779
Palavra de ordem Romance
675 ## - CDU
Notação 821.134.3-31
Edição BMB
Língua por
700 ## - Autor principal (pessoa individual)
Apelido Freitas
Nome Pedro Chagas
Datas 1979
ID Autoridade 1547
801 ## - Fonte de origem
País PT
Agência BMB
Regras de catalogação RPC
990 ## - Elementos KOHA
Tipo de documento Livro
Holdings
Situação do levantamento Estado Número Biblioteca de origem Código de barras Cota Permissão de empréstimo Tipo de documento Forma de aquisição
    1 Biblioteca Municipal de Borba 2003 821.134.3-31 FRE / HOS   Livro Compra
Biblioteca Municipal de Borba

Powered by Koha